|
|
|
|
| LEADER |
00000cam a2200000 7i4500 |
| 001 |
0000005129 |
| 005 |
20210107093000.0 |
| 008 |
021118n |
| 020 |
|
|
|a 0891589228
|
| 050 |
0 |
0 |
|a HD5650
|b .D47
|
| 090 |
0 |
0 |
|a HD5650
|b .D47
|
| 100 |
0 |
|
|a DeWitt, Sherri ,
|e author
|
| 245 |
0 |
0 |
|a Worker participation and the crisis of liberal democracy
|c Sherri Dewitt
|
| 260 |
2 |
|
|a Boulder :
|b col.: Westview ,
|c 1980
|
| 300 |
|
|
|a 168 p. ; ;
|c 23 cm.
|
| 504 |
|
|
|a Includes bibliographical references
|
| 650 |
|
0 |
|a Employees' representation in management
|
| 650 |
|
0 |
|a Employees' representation in management
|z Germany, West
|
| 650 |
|
0 |
|a Employees' representation in management
|z Sweden
|
| 999 |
|
|
|a 1000011826
|b Book
|c OPEN SHELF (30 DAYS)
|e Gong Badak Campus
|